000 00405nam a2200169Ia 4500
005 20240613065754.0
008 240331s9999 xx 000 0 und d
082 _bSAR
_a350
100 _aSarvan,Charles
245 0 _aPublic writings on Sri Lanka
260 _aIndia
_bMiruthula publications
_c2009
300 _ax, 262 p .,
650 _aSocial
650 _aPolitics
650 _aPublic
942 _cL
999 _c3874
_d3874